000 00719cab a2200241 4500
001 WB3203-12
008 090401t1996 xxu||||| |||| 00| 0 eng d
035 _a(Sirsi) u1878
041 _aeng
245 _aCastle restoration leads to fine
260 _c1996
350 _a0
490 _aScotsman
_v12 January 1996, 5(2)
520 _aHistoric Scotland has been criticised for landing the owner of a ruined castle in court after he used reconstituted stone in its restoration.
650 _aBUILDING CONSERVATION
650 _aDAIRSIE CASTLE
650 _aHISTORIC SCOTLAND
650 _aRECONSTITUTED STONE
690 _aBUILT ENVIRONMENT
690 _aCONSERVATION
942 _n0
948 _c04/03/1997
999 _c1094
_d1094